Top 10 NBA Players at Each Stat(During All-Star WKND) - Statistics

General Stats
  • This quiz has been taken 14 times
  • The average score is 31 of 50
Answer Stats
Hint Amount Answer % Correct
Points 31.8 PPG Giannis Antetokounmpo
100%
Rebounds 12.2 RPG Giannis Antetokounmpo
100%
Points 27.3 PPG Kevin Durant
92%
Assists 9 APG LeBron James
92%
Points 27 PPG Luka Doncic
92%
Assists 7.5 APG Luka Doncìc
92%
Steals 1.9 STPG Luka Doncic
92%
Points 29.8 PPG Nikola Jokic
92%
Rebounds 12.6 RPG Nikola Jokic
92%
Assists 10.2 APG Nikola Jokic
92%
Steals 1.8 STPG Nikola Jokic
92%
Rebounds 12 RPG Anthony Davis
85%
Blocks 2.2 BPG Anthony Davis
85%
Points 26.2 PPG Devin Booker
85%
Points 27 PPG Jayson Tatum
85%
Points 32.5 PPG Shai Gilgeous-Alexander
85%
Steals 1.9 STPG Shai Gilgeous-Alexander
85%
Rebounds 11 RPG Victor Wembanyama/Wemby
85%
Blocks 3.8 BPG Victor Wembanyama/ Wemby
85%
Assists 8.1 APG Chris Paul
77%
Assists 7.5 APG Jalen Brunson
69%
Assists 8.6 APG James Harden
69%
Rebounds 13.4 RPG Karl Anthony-Towns
69%
Assists 11.5 APG Trae Young
69%
Points 27.6 PPG Tyrese Maxey
69%
Steals 1.9 STPG Tyrese Maxey
69%
Points 27.5 PPG Anthony Edwards
62%
Assists 9.4 APG Cade Cunningham
62%
Assists 7.5 APG Damian Lillard
62%
Points 27.3 PPG LaMelo Ball
62%
Blocks 1.9 BPG Brook Lopez
54%
Rebounds 14.6 RPG Domantas Sabonis
54%
Rebounds 10.5 RPG Alperen Sengun
46%
Blocks 2.8 BPG Chet Holmgren
46%
Steals 3 STPG Dyson Daniels
46%
Assists 8.5 APG Tyrese Haliburton
46%
Steals 2 STPG Dejounte Murray
38%
Blocks 1.6 BPG Jaren Jackson Jr./JJJ
38%
Blocks 1.7 BPG Derrick Lively II
31%
Steals 1.9 STPG Herbert Jones
31%
Rebounds 12.6 RPG Ivica Zubac
31%
Steals 1.8 STPG Paul George
31%
Steals 1.8 STPG Cason Wallace
23%
Blocks 1.9 BPG Daniel Gafford
23%
Rebounds 11.9 RPG Isaiah Hartenstein
23%
Blocks 1.8 BPG Myles Turner
23%
Blocks 1.7 BPG Goga Bitadze
15%
Rebounds 11.8 RPG Walker Kessler
15%
Blocks 2.4 BPG Walker Kessler
15%
Steals 1.9 STPG Tari Eason
8%
No matching quizzes found
Score Distribution
Percent of People with Each Score
Percentile by Number Answered
Your Score History
You have not taken this quiz